| 000 | 00835cam a22003013a 4500 | ||
|---|---|---|---|
| 001 | 1151 | ||
| 003 | PGUSA | ||
| 005 | 20140828082957.0 | ||
| 008 | 971201s1997||||xxu|||||s|||||000 p eng d | ||
| 040 |
_aPGUSA _beng |
||
| 042 | _adc | ||
| 050 | 4 | _aPT | |
| 245 | 1 | 4 |
_aThe Nibelungenlied _h[electronic resource] |
| 260 |
_bProject Gutenberg, _c1997 |
||
| 500 | _aWagner's Ring | ||
| 506 | _aPublic domain in the USA. | ||
| 516 | _aElectronic text | ||
| 653 | _aNibelungen | ||
| 653 | _aSiegfried (Legendary character) | ||
| 653 | _aEpic poetry, Germanic | ||
| 653 | _aFolklore -- Germany | ||
| 653 | _aMythology, Germanic | ||
| 653 | _aKriemhild (Legendary character) | ||
| 700 | 1 |
_aShumway, Daniel Bussier, _d1868- |
|
| 830 | 0 |
_aProject Gutenberg _v1151 |
|
| 856 | 4 | 0 | _uhttp://www.gutenberg.org/ebooks/1151 |
| 942 | _cEB | ||
| 999 |
_c230499 _d230499 |
||